[Event "4NCL Online Division 5"]
[Site "online"]
[Date "2020.10.06"]
[Round "4.104"]
[White "McNeil, Eric Dylan"]
[Black "White, Colin"]
[Result "0-1"]
[WhiteElo "932"]
[BlackElo "1637"]
[PlyCount "101"]
[EventDate "2020.10.06"]
[WhiteTeam "Streatham C"]
[BlackTeam "Spirit of Atticus B"]

1. e4 c5 2. Nf3 d6 3. d4 cxd4 4. Nxd4 Nf6 5. Nc3 a6 6. Be2 e6 7. Be3 Be7 8. Qd2
b5 9. a4 b4 10. Nd1 Nxe4 11. Qxb4 d5 12. Qb3 Qa5+ 13. c3 O-O 14. O-O Qc7 15.
Qc2 Nd7 16. c4 Bd6 17. Nf3 Ne5 18. Nxe5 Bxe5 19. g3 Bb7 20. Bd3 Rac8 21. Bxe4
dxe4 22. c5 Qc6 23. Rb1 a5 24. Nc3 Ba6 25. Nb5 Qb7 26. Rfc1 f5 27. Qc4 Qc6 28.
Rd1 Rfe8 29. Bd4 Bd6 30. Qb3 Bxc5 31. Bxc5 Bxb5 32. Rbc1 Bxa4 33. Qc3 Bxd1 34.
Rxd1 Qxc5 35. Qd2 Qd5 36. Qxd5 exd5 37. Rxd5 Rc1+ 38. Kg2 a4 39. Rxf5 Rf8 40.
Re5 Rc2 41. Rxe4 Rfxf2+ 42. Kh3 Rxh2+ 43. Kg4 Rxb2 44. Rxa4 h5+ 45. Kg5 Rb5+
46. Kg6 Rb6+ 47. Kg5 Kh7 48. Rh4 Rb5+ 49. Kf4 g5+ 50. Kf3 gxh4 51. gxh4 0-1

[Event "4NCL Online Division 5"]
[Site "online"]
[Date "2020.10.06"]
[Round "4.111"]
[White "Sriram, Gautam"]
[Black "Claret, Ray R"]
[Result "0-1"]
[WhiteElo "700"]
[BlackElo "1450"]
[PlyCount "62"]
[EventDate "2020.10.06"]
[WhiteTeam "Watford Juniors C"]
[BlackTeam "St Albans 3"]

1. e4 d6 2. Nf3 Bg4 3. Bd3 e5 4. O-O Nf6 5. Nc3 Be7 6. b3 O-O 7. Ba3 c6 8. h3
Bc8 9. Re1 Re8 10. Bc1 Nbd7 11. Be2 d5 12. d3 Bb4 13. a4 Bxc3 14. Bd2 Bxa1 15.
Qxa1 dxe4 16. Nh2 Nd5 17. Bf1 Qh4 18. g3 Qe7 19. Qd1 N5f6 20. Rxe4 Nxe4 21.
dxe4 Nf6 22. Ng4 Bxg4 23. hxg4 Rad8 24. g5 Nxe4 25. Bd3 Nxd2 26. Qxd2 e4 27.
Be2 Rxd2 28. Bh5 Qxg5 29. g4 Qf4 30. Kg2 Qxf2+ 31. Kh3 Qh2# 0-1

[Event "4NCL Online Division 5"]
[Site "online"]
[Date "2020.10.06"]
[Round "4.112"]
[White "Cowan, James"]
[Black "Karthik, Trivikraman"]
[Result "1-0"]
[WhiteElo "1375"]
[BlackElo "700"]
[PlyCount "81"]
[EventDate "2020.10.06"]
[WhiteTeam "St Albans 3"]
[BlackTeam "Watford Juniors C"]

1. d4 d5 2. c4 dxc4 3. e3 Nc6 4. Bxc4 Na5 5. Qa4+ b5 6. Bxb5+ c6 7. Bxc6+ Bd7
8. Bxd7+ Qxd7 9. Qxa5 g6 10. Nd2 Bg7 11. a4 Nf6 12. Qb5 a5 13. Ngf3 O-O 14.
Qxd7 Nxd7 15. b3 e5 16. dxe5 Rae8 17. Bb2 Bh6 18. Nc4 Nc5 19. Rb1 Nxb3 20. Ba3
Nd4 21. Nxd4 f6 22. Bxf8 Rxf8 23. exf6 Rxf6 24. Rb8+ Kg7 25. O-O g5 26. Ne5 g4
27. Nxg4 Bg5 28. Nxf6 Bxf6 29. Rb7+ Kg6 30. Rb6 Kg5 31. h4+ Kh5 32. Rxf6 Kg4
33. Rf4+ Kh5 34. Rf3 Kxh4 35. e4 Kg5 36. e5 h5 37. e6 Kg6 38. e7 Kh6 39. e8=Q
Kg5 40. Qe5+ Kh4 41. Qg3# 1-0

[Event "4NCL Online Division 5"]
[Site "online"]
[Date "2020.10.06"]
[Round "4.113"]
[White "Balakrishnan, Akshata"]
[Black "Branch, Graham"]
[Result "0-1"]
[WhiteElo "700"]
[BlackElo "1427"]
[PlyCount "28"]
[EventDate "2020.10.06"]
[WhiteTeam "Watford Juniors C"]
[BlackTeam "St Albans 3"]

1. e4 e6 2. Nf3 d5 3. exd5 exd5 4. Ng5 Qxg5 5. h4 Qf6 6. Bb5+ c6 7. Bd3 Bc5 8.
O-O Qxh4 9. g3 Qf6 10. g4 Qh4 11. Qe2+ Ne7 12. Nc3 Bxg4 13. Qe5 Bf3 14. Na4
Qh1# 0-1

[Event "4NCL Online Division 5"]
[Site "online"]
[Date "2020.10.06"]
[Round "4.114"]
[White "Wicks, Ben"]
[Black "Naren, Riyanna"]
[Result "1-0"]
[WhiteElo "1412"]
[BlackElo "700"]
[PlyCount "33"]
[EventDate "2020.10.06"]
[WhiteTeam "St Albans 3"]
[BlackTeam "Watford Juniors C"]

1. e4 e5 2. Nf3 Nf6 3. Nc3 Nc6 4. d4 d5 5. dxe5 dxe4 6. Qxd8+ Kxd8 7. exf6 gxf6
8. Nxe4 f5 9. Nc3 b5 10. Bg5+ Ke8 11. Nd5 Ne7 12. Nf6+ Kd8 13. O-O-O+ Bd7 14.
Bxb5 Ng6 15. Rxd7+ Kc8 16. Ba6+ Kb8 17. Rd8# 1-0

[Event "4NCL Online Division 5"]
[Site "online"]
[Date "2020.10.06"]
[Round "4.121"]
[White "Karthikeyan, Pranav"]
[Black "Maybury, Philip C"]
[Result "0-1"]
[WhiteElo "700"]
[BlackElo "1772"]
[PlyCount "128"]
[EventDate "2020.10.06"]
[WhiteTeam "BCC Foxes"]
[BlackTeam "Warley and Quinborne"]

1. e4 d5 2. exd5 Nf6 3. Nf3 e6 4. Be2 exd5 5. d4 Bd6 6. O-O O-O 7. Bg5 Be7 8.
c3 Bg4 9. Nbd2 Nbd7 10. h3 Bh5 11. Re1 Re8 12. Qb3 b6 13. Ne5 Bxe2 14. Rxe2
Nxe5 15. dxe5 Nh5 16. Bxe7 Rxe7 17. Rae1 Nf4 18. Re3 Ne6 19. Rg3 c5 20. c4 dxc4
21. Nxc4 Nd4 22. Qd3 Qd5 23. a4 f6 24. Re4 fxe5 25. Ne3 Nf3+ 26. gxf3 Qxd3 27.
Nf5 Rf7 28. Nh6+ Kf8 29. Nxf7 Kxf7 30. Rxe5 g6 31. Kg2 Re8 32. f4 Qd4 33. Reg5
Re2 34. Rf3 Qxb2 35. f5 gxf5 36. Rgxf5+ Ke6 37. Rf7 h5 38. Rxa7 Re5 39. h4 Re4
40. Rg3 Rxh4 41. Re3+ Kf6 42. Rf3+ Kg6 43. Ra8 Qd4 44. Rg8+ Kh7 45. Rgg3 Rg4
46. Rxg4 hxg4 47. Rg3 Kg6 48. Kh2 Kf5 49. a5 Qxf2+ 50. Rg2 Qxg2+ 51. Kxg2 bxa5
52. Kg3 a4 53. Kf2 a3 54. Ke2 a2 55. Kd3 a1=R 56. Kc4 g3 57. Kxc5 Rd1 58. Kb4
g2 59. Kc3 g1=R 60. Kc2 Rd8 61. Kb2 Rg7 62. Kb3 Rc7 63. Kb4 Rb8+ 64. Ka5 Ra7#
0-1

[Event "4NCL Online Division 5"]
[Site "online"]
[Date "2020.10.06"]
[Round "4.122"]
[White "Moxley, Stephen"]
[Black "Tran, Le Gia Khuong"]
[Result "1-0"]
[WhiteElo "1697"]
[BlackElo "700"]
[PlyCount "51"]
[EventDate "2020.10.06"]
[WhiteTeam "Warley and Quinborne"]
[BlackTeam "BCC Foxes"]

1. e4 e5 2. Nc3 Nf6 3. f4 exf4 4. e5 Qe7 5. Qe2 Ng8 6. Nf3 Nc6 7. d4 d6 8. Nd5
Qd7 9. Nxc7+ Kd8 10. Nxa8 dxe5 11. dxe5 Qf5 12. Qd3+ Qxd3 13. Bxd3 Nb4 14. Bxf4
b5 15. Be4 Bb7 16. Bxb7 Nxc2+ 17. Ke2 Nxa1 18. Rxa1 Be7 19. Rd1+ Ke8 20. Bc6+
Kf8 21. Rd7 g6 22. Bxb5 f6 23. Nc7 h5 24. Ne6+ Kf7 25. Nd8+ Kg7 26. exf6+ 1-0

[Event "4NCL Online Division 5"]
[Site "online"]
[Date "2020.10.06"]
[Round "4.123"]
[White "Panunzio, Jacopo"]
[Black "Berry, Steve"]
[Result "0-1"]
[WhiteElo "700"]
[BlackElo "1472"]
[PlyCount "80"]
[EventDate "2020.10.06"]
[WhiteTeam "BCC Foxes"]
[BlackTeam "Warley and Quinborne"]

1. e4 e6 2. Nf3 c5 3. d3 Nc6 4. Nc3 a6 5. Bg5 Qc7 6. Be2 Be7 7. Bd2 Nf6 8. O-O
d5 9. exd5 exd5 10. Be3 d4 11. Nd5 Nxd5 12. Bd2 O-O 13. Nh4 Bxh4 14. Bf3 Be6
15. Be4 f5 16. Bf3 Bd8 17. c4 Nf6 18. Qa4 Bd7 19. Rfe1 Ne5 20. Be2 Bxa4 21. Bf4
Re8 22. Bf3 Nfd7 23. Be2 Qb6 24. Bh5 Re6 25. Bxe5 Rxe5 26. Rxe5 Nxe5 27. Re1
Ng6 28. h4 Bxh4 29. g3 Bg5 30. f4 Bxf4 31. gxf4 Nxf4 32. b4 Nxd3 33. b5 Nxe1
34. bxa6 bxa6 35. Bf3 Nxf3+ 36. Kf2 Qc6 37. Kg3 Qe4 38. Kh3 Rb8 39. Kg3 Rb2 40.
a3 Qg4# 0-1

[Event "4NCL Online Division 5"]
[Site "online"]
[Date "2020.10.06"]
[Round "4.124"]
[White "Woodward, Pauline"]
[Black "Wang, Mark"]
[Result "0-1"]
[WhiteElo "1255"]
[BlackElo "700"]
[PlyCount "78"]
[EventDate "2020.10.06"]
[WhiteTeam "Warley and Quinborne"]
[BlackTeam "BCC Foxes"]

1. e4 e5 2. Nf3 Nc6 3. d4 exd4 4. Nxd4 Nxd4 5. Qxd4 c5 6. Qc3 Nf6 7. Bd3 b6 8.
O-O Be7 9. e5 Nd5 10. Qe1 Qc7 11. Bf4 Nxf4 12. Be4 Bb7 13. Bxb7 Qxb7 14. f3 O-O
15. Nc3 Rae8 16. Qd2 Ng6 17. Rae1 h6 18. f4 Nh4 19. Rf2 Kh7 20. Qd3+ Ng6 21. b3
f6 22. e6 dxe6 23. Rxe6 f5 24. Qg3 Nh8 25. a4 Bh4 26. Rxh6+ gxh6 27. Qxh4 Qa6
28. g3 Re1+ 29. Kg2 Qb7+ 30. Kh3 Ng6 31. Qh5 Qa6 32. Nb5 Rg8 33. Qxf5 Rf8 34.
Qd7+ Kg8 35. Qd5+ Kh7 36. Qh5 Rg1 37. f5 Ne7 38. f6 Qc8+ 39. Kh4 Ng6+ 0-1

[Event "4NCL Online Division 5"]
[Site "online"]
[Date "2020.10.06"]
[Round "4.131"]
[White "Vig, Sanjay"]
[Black "Richardson, Kevin D"]
[Result "0-1"]
[WhiteElo "1562"]
[BlackElo "2194"]
[PlyCount "62"]
[EventDate "2020.10.06"]
[WhiteTeam "Watford 3"]
[BlackTeam "Farnham A"]

1. e4 c5 2. Nc3 Nc6 3. f4 g6 4. Nf3 Bg7 5. Bc4 e6 6. O-O Nge7 7. Qe1 O-O 8. d3
d5 9. Bb3 Nd4 10. Qh4 c4 11. dxc4 dxc4 12. Ba4 b5 13. Nxb5 Nxb5 14. Bxb5 Qb6+
15. Kh1 Qxb5 16. Qxe7 c3 17. Be3 cxb2 18. Rab1 Ba6 19. Rfd1 Qe2 20. Qa3 Rfc8
21. Rd2 Qc4 22. e5 Rab8 23. Rxb2 Bf8 24. Qb3 Rxb3 25. axb3 Qf1+ 26. Ng1 Bc5 27.
Bxc5 Rxc5 28. b4 Rc8 29. b5 Bb7 30. Rb4 Bd5 31. h3 Rc4 0-1

[Event "4NCL Online Division 5"]
[Site "online"]
[Date "2020.10.06"]
[Round "4.132"]
[White "Warren, Alex M"]
[Black "Nokes, Oliver"]
[Result "1-0"]
[WhiteElo "2050"]
[BlackElo "1525"]
[PlyCount "81"]
[EventDate "2020.10.06"]
[WhiteTeam "Farnham A"]
[BlackTeam "Watford 3"]

1. Nf3 Nc6 2. d4 d5 3. c4 e6 4. g3 Be7 5. Bg2 Nf6 6. O-O O-O 7. Nc3 b6 8. Ne5
Bb7 9. Bf4 Rc8 10. Rc1 Nxe5 11. dxe5 Ne4 12. Nxe4 dxe4 13. Qc2 Bc5 14. Bxe4
Bxe4 15. Qxe4 f5 16. exf6 Qxf6 17. b3 e5 18. Be3 Bd4 19. Rcd1 c5 20. Kg2 Rcd8
21. h4 Bxe3 22. Qxe3 Rxd1 23. Rxd1 Qc6+ 24. Rd5 a5 25. f3 Kh8 26. Rxe5 Qf6 27.
Re6 Qb2 28. a4 Kg8 29. Rxb6 Qd4 30. Qxd4 cxd4 31. Rb5 Re8 32. Kf2 Re3 33. c5
Rc3 34. c6 Rc2 35. Ke1 Rxc6 36. Rxa5 Rb6 37. Rb5 Rc6 38. Kd2 Rc3 39. a5 Rc8 40.
a6 Rc6 41. Ra5 1-0

[Event "4NCL Online Division 5"]
[Site "online"]
[Date "2020.10.06"]
[Round "4.133"]
[White "Hylands, Keith"]
[Black "Abhishek, Pradhan"]
[Result "0-1"]
[WhiteElo "1360"]
[BlackElo "1810"]
[PlyCount "72"]
[EventDate "2020.10.06"]
[WhiteTeam "Watford 3"]
[BlackTeam "Farnham A"]

1. Nf3 f5 2. d4 e6 3. Bg5 Nf6 4. Nc3 Bb4 5. a3 Bxc3+ 6. bxc3 O-O 7. h3 Qe8 8.
Bxf6 Rxf6 9. e3 d6 10. Bd3 b6 11. h4 Bb7 12. Rh3 Nd7 13. h5 Kh8 14. h6 g6 15.
Bc4 d5 16. Bb5 c6 17. Bd3 Qe7 18. Nd2 c5 19. f4 Rff8 20. Qe2 c4 21. Nxc4 dxc4
22. Bxc4 a6 23. g4 b5 24. Bd3 Rac8 25. Kd2 Nf6 26. g5 Ne4+ 27. Bxe4 Bxe4 28. a4
Qc7 29. Ra3 b4 30. Rb3 Bd5 31. e4 Bxb3 32. cxb3 Qxf4+ 33. Re3 Rxc3 34. exf5
Qxe3+ 35. Qxe3 Rxe3 36. Kxe3 exf5 0-1

[Event "4NCL Online Division 5"]
[Site "online"]
[Date "2020.10.06"]
[Round "4.134"]
[White "Cooper, Malcolm H"]
[Black "Ramesh, Karthik R"]
[Result "1-0"]
[WhiteElo "1817"]
[BlackElo "1307"]
[PlyCount "141"]
[EventDate "2020.10.06"]
[WhiteTeam "Farnham A"]
[BlackTeam "Watford 3"]

1. d4 Nf6 2. c4 d6 3. Nf3 Nbd7 4. Nc3 e5 5. e4 Be7 6. h3 O-O 7. Be3 c6 8. Be2
Qe8 9. O-O Bd8 10. Qc2 Qe7 11. Rad1 a5 12. b3 Bc7 13. d5 Rd8 14. dxc6 bxc6 15.
Rd2 Nf8 16. Rfd1 Ne6 17. Nh2 c5 18. Ng4 Nh5 19. Nxe5 dxe5 20. Bxh5 Nd4 21. Bxd4
exd4 22. Nd5 Qe5 23. Nxc7 Qxc7 24. Rd3 Qe5 25. Qe2 g6 26. Bg4 Bb7 27. Re1 h5
28. Bf3 Kg7 29. g3 Rh8 30. Bg2 Rh6 31. f4 Qe6 32. e5 Rb8 33. Bxb7 Rxb7 34. Qe4
Re7 35. Kg2 f6 36. Qa8 Qb6 37. Qd5 f5 38. Kf2 Rh8 39. Qf3 Rhe8 40. g4 Kh6 41.
g5+ Kg7 42. h4 Qb4 43. Qe2 Ra8 44. Qc2 a4 45. Re2 a3 46. Qd2 Re6 47. Qxb4 cxb4
48. Rxd4 Rc8 49. Red2 Kf7 50. Rd7+ Ke8 51. R2d6 Rc6 52. Rxe6+ Kxd7 53. Rxc6
Kxc6 54. Ke3 Kc5 55. Kd3 Kb6 56. Kd4 Kc6 57. c5 Kb7 58. Kc4 Kc6 59. Kxb4 Kd5
60. Kb5 Ke6 61. Kc6 Ke7 62. Kd5 Kd7 63. c6+ Kc7 64. e6 Kc8 65. Kd6 Kd8 66. c7+
Kc8 67. e7 Kb7 68. e8=Q Kb6 69. Qb8+ Ka6 70. Kc5 Ka5 71. Qa7# 1-0

[Event "4NCL Online Division 5"]
[Site "online"]
[Date "2020.10.06"]
[Round "4.141"]
[White "Duckers, Harvey L"]
[Black "Nunn, John D M"]
[Result "0-1"]
[WhiteElo "2080"]
[BlackElo "2545"]
[PlyCount "62"]
[EventDate "2020.10.06"]
[WhiteTeam "Crowthorne 1"]
[BlackTeam "Bude Surfers"]

1. e4 c5 2. Nc3 Nc6 3. Nge2 g6 4. d4 cxd4 5. Nxd4 Bg7 6. Be3 Nf6 7. Be2 O-O 8.
O-O d5 9. Nxc6 bxc6 10. e5 Ne8 11. f4 f6 12. exf6 Bxf6 13. Bd4 Ng7 14. Kh1 Bxd4
15. Qxd4 Ne6 16. Qd2 Qd6 17. g3 Nc5 18. Bf3 Rb8 19. b3 Bh3 20. Rf2 Rbe8 21. Re1
e5 22. Rfe2 Qf6 23. Nxd5 cxd5 24. Qxd5+ Ne6 25. Rxe5 Kh8 26. Bg2 Rd8 27. Qe4
Rd4 28. Qe3 Bxg2+ 29. Kxg2 Nxf4+ 30. gxf4 Rxf4 31. Re2 Rg4+ 0-1

[Event "4NCL Online Division 5"]
[Site "online"]
[Date "2020.10.06"]
[Round "4.142"]
[White "Fink-Nunn, Petra"]
[Black "Coates, Kenneth G"]
[Result "0-1"]
[WhiteElo "2042"]
[BlackElo "2065"]
[PlyCount "80"]
[EventDate "2020.10.06"]
[WhiteTeam "Bude Surfers"]
[BlackTeam "Crowthorne 1"]

1. e4 d5 2. exd5 Qxd5 3. Nc3 Qd6 4. d4 Nf6 5. Nf3 Bg4 6. h3 Bh5 7. g4 Bg6 8.
Bg2 Nbd7 9. O-O c6 10. Nh4 e6 11. f4 Be7 12. f5 exf5 13. Nxf5 Bxf5 14. Rxf5 O-O
15. Bf4 Qb4 16. a3 Qb6 17. Be3 Rad8 18. Na4 Qc7 19. Rf1 Nd5 20. Bd2 Bf6 21. c4
Bxd4+ 22. Kh1 Ne3 23. Bxe3 Bxe3 24. Qf3 Bg5 25. Nc3 Nf6 26. Qf5 h6 27. Ne4 Nxe4
28. Bxe4 g6 29. Qf3 Rfe8 30. Rad1 Rxd1 31. Rxd1 Qe5 32. Bd3 Qxb2 33. Rb1 Qd4
34. Rxb7 Re1+ 35. Bf1 Bf4 36. Kg2 Re3 37. Qf2 Qe4+ 38. Kg1 Rc3 39. Bg2 Rc1+ 40.
Bf1 Be3 0-1

[Event "4NCL Online Division 5"]
[Site "online"]
[Date "2020.10.06"]
[Round "4.143"]
[White "Johnson, Derek R"]
[Black "Constable, Christine F"]
[Result "1-0"]
[WhiteElo "2012"]
[BlackElo "1615"]
[PlyCount "39"]
[EventDate "2020.10.06"]
[WhiteTeam "Crowthorne 1"]
[BlackTeam "Bude Surfers"]

1. e4 g6 2. d4 Bg7 3. Nc3 d6 4. Be3 Nd7 5. Qd2 Ngf6 6. f3 O-O 7. h4 h5 8. O-O-O
c5 9. dxc5 Nxc5 10. Bxc5 Be6 11. Bd4 Qa5 12. Kb1 Rac8 13. Nd5 Qa4 14. b3 Qd7
15. Nh3 Bxd5 16. exd5 Nxd5 17. Bxg7 Qc7 18. Bc4 Nb6 19. Qh6 Nxc4 20. Qh8# 1-0

[Event "4NCL Online Division 5"]
[Site "online"]
[Date "2020.10.06"]
[Round "4.144"]
[White "Richards, Maurice A"]
[Black "Taylor, Mark V"]
[Result "0-1"]
[WhiteElo "1577"]
[BlackElo "1832"]
[PlyCount "82"]
[EventDate "2020.10.06"]
[WhiteTeam "Bude Surfers"]
[BlackTeam "Crowthorne 1"]

1. Nf3 d6 2. d4 Bg4 3. Nbd2 Nd7 4. g3 Ngf6 5. Bg2 e5 6. dxe5 dxe5 7. e4 Be7 8.
O-O O-O 9. c3 c6 10. Qc2 Qc7 11. Re1 Rfd8 12. b4 a5 13. Rb1 b5 14. a3 h6 15.
Bb2 c5 16. bxa5 Rxa5 17. c4 b4 18. axb4 cxb4 19. Nb3 Raa8 20. Ra1 Bxf3 21. Bxf3
Nc5 22. Nxc5 Bxc5 23. Kg2 Nd7 24. Red1 Nf8 25. Rxd8 Rxd8 26. Rd1 Rxd1 27. Qxd1
Ne6 28. Qd5 Bd4 29. Bxd4 Nxd4 30. Bd1 b3 31. Bxb3 Nxb3 32. c5 Nxc5 33. Qa8+ Kh7
34. Qd5 Ne6 35. h4 Nd4 36. Qa2 f6 37. h5 Qc6 38. Qf7 Qxe4+ 39. Kh2 Nf3+ 40. Kh3
Ng5+ 41. Kh2 Nxf7 0-1

[Event "4NCL Online Division 5"]
[Site "online"]
[Date "2020.10.06"]
[Round "4.151"]
[White "Gatenby, Thomas"]
[Black "Mason, Ian C"]
[Result "1-0"]
[WhiteElo "1225"]
[BlackElo "1897"]
[PlyCount "81"]
[EventDate "2020.10.06"]
[WhiteTeam "Bishop Knights"]
[BlackTeam "Grangemouth Gambiteers"]

1. c4 e5 2. Nc3 d6 3. g3 f5 4. Bg2 Nf6 5. e3 Be7 6. Nge2 O-O 7. O-O c6 8. f4 e4
9. d3 exd3 10. Qxd3 Na6 11. Nd4 g6 12. Qe2 Nc5 13. b4 Nce4 14. Bb2 Re8 15. Nxe4
Nxe4 16. Bxe4 fxe4 17. f5 c5 18. Ne6 Bxe6 19. fxe6 Qc8 20. Qg4 Bd8 21. Rf2 Qxe6
22. Qe2 Be7 23. Raf1 Rf8 24. bxc5 dxc5 25. Qc2 Rxf2 26. Rxf2 Rf8 27. Qc3 Bf6
28. Rxf6 Rxf6 29. Qxf6 Qxf6 30. Bxf6 Kf7 31. Bg5 Ke6 32. g4 a6 33. a4 Kd6 34.
Kf2 Kc6 35. Kg3 b5 36. axb5+ axb5 37. cxb5+ Kxb5 38. Kf4 c4 39. Kxe4 Kb4 40.
Kd5 c3 41. e4 1-0

[Event "4NCL Online Division 5"]
[Site "online"]
[Date "2020.10.06"]
[Round "4.152"]
[White "Will, Douglas"]
[Black "Burnett, John"]
[Result "1-0"]
[WhiteElo "1828"]
[BlackElo "1240"]
[PlyCount "55"]
[EventDate "2020.10.06"]
[WhiteTeam "Grangemouth Gambiteers"]
[BlackTeam "Bishop Knights"]

1. e4 Nc6 2. Nc3 e6 3. f4 Qf6 4. d4 Bb4 5. e5 Qe7 6. Nf3 Bxc3+ 7. bxc3 d6 8.
Bd3 dxe5 9. fxe5 h6 10. O-O Bd7 11. a4 O-O-O 12. Qe2 Na5 13. Ba3 Qe8 14. Bb4
Nc6 15. Rfb1 Nxb4 16. Rxb4 Bc6 17. a5 Ne7 18. c4 Nf5 19. Bxf5 exf5 20. d5 Bxd5
21. cxd5 Rxd5 22. Rab1 Qc6 23. Rxb7 Qxb7 24. Rxb7 Kxb7 25. a6+ Ka8 26. Qc4 Rd1+
27. Kf2 Ra1 28. Qc6+ 1-0

[Event "4NCL Online Division 5"]
[Site "online"]
[Date "2020.10.06"]
[Round "4.153"]
[White "Coates, Ryan"]
[Black "Sandham, Alasdair"]
[Result "1-0"]
[WhiteElo "1225"]
[BlackElo "1361"]
[PlyCount "79"]
[EventDate "2020.10.06"]
[WhiteTeam "Bishop Knights"]
[BlackTeam "Grangemouth Gambiteers"]

1. d4 d5 2. Bf4 Nf6 3. Nf3 c5 4. c3 Nc6 5. e3 Bf5 6. Bd3 Bg6 7. Nh4 Bxd3 8.
Qxd3 Qb6 9. b3 Nh5 10. Bg3 Nxg3 11. hxg3 e6 12. Nd2 Be7 13. Nhf3 h6 14. g4
O-O-O 15. c4 dxc4 16. Nxc4 Qc7 17. Rc1 cxd4 18. Nxd4 e5 19. Qf5+ Kb8 20. Nxe5
Qxe5 21. Nxc6+ bxc6 22. Qxe5+ Bd6 23. Qxg7 Bb4+ 24. Kf1 Rhg8 25. Qxh6 Rxg4 26.
Qxc6 Ba5 27. g3 Rg6 28. Qb5+ Bb6 29. Kg2 Rgd6 30. a4 Rd2 31. a5 Kb7 32. axb6
axb6 33. Rh7 R8d7 34. Qf5 Ka6 35. Ra1+ Kb7 36. Rxf7 Rxf7 37. Qxf7+ Kc6 38. Rc1+
Kb5 39. Qc4+ Ka5 40. Qa4# 1-0

[Event "4NCL Online Division 5"]
[Site "online"]
[Date "2020.10.06"]
[Round "4.154"]
[White "Fowler, David"]
[Black "Clynes, Jamie"]
[Result "1-0"]
[WhiteElo "1143"]
[BlackElo "850"]
[PlyCount "45"]
[EventDate "2020.10.06"]
[WhiteTeam "Grangemouth Gambiteers"]
[BlackTeam "Bishop Knights"]

1. e4 e5 2. Nf3 Nc6 3. c3 Nf6 4. d4 d6 5. d5 Ne7 6. Be2 Nxe4 7. Qa4+ Bd7 8.
Qxe4 Bf5 9. Qc4 c6 10. dxc6 bxc6 11. O-O Nd5 12. Qxc6+ Qd7 13. Qxa8+ Qc8 14.
Qxd5 Be6 15. Qd2 Be7 16. b3 O-O 17. c4 f5 18. Nc3 f4 19. Nd5 Bd8 20. Ba3 Qa6
21. Qb4 Bxd5 22. Qxd6 Rf6 23. Qxd5+ 1-0

[Event "4NCL Online Division 5"]
[Site "online"]
[Date "2020.10.06"]
[Round "4.161"]
[White "Foale, Ron"]
[Black "Winser, Frederick"]
[Result "0-1"]
[WhiteElo "1667"]
[BlackElo "1300"]
[PlyCount "128"]
[EventDate "2020.10.06"]
[WhiteTeam "Uxbridge Bombers A"]
[BlackTeam "Manchester Juniors C"]

1. e4 e5 2. Nf3 Nc6 3. Bb5 Nge7 4. c3 a6 5. Ba4 Ng6 6. d3 Bd6 7. O-O O-O 8. Bb3
Na5 9. Bc2 c5 10. Re1 b6 11. Nbd2 Bb7 12. Nf1 Qc7 13. Ng3 Nc6 14. Be3 Nf4 15.
Bxf4 exf4 16. Nf5 Ne5 17. Nxd6 Qxd6 18. Nxe5 Qxe5 19. Qg4 Bc8 20. Qf3 d6 21.
Rad1 Qg5 22. Qe2 Bg4 23. f3 Bh3 24. Kh1 Be6 25. b3 b5 26. Rg1 Rfe8 27. Qd2 a5
28. g3 a4 29. bxa4 bxa4 30. gxf4 Qf6 31. f5 Bxa2 32. Rg3 Bb3 33. Rdg1 Bxc2 34.
Qxc2 a3 35. Qg2 g6 36. Qa2 Qxc3 37. fxg6 hxg6 38. Rxg6+ Kf8 39. Rxd6 Qb2 40.
Qd5 a2 41. Rd7 Qf6 42. e5 Qe6 43. Qxc5+ Re7 44. Rxe7 Qxe7 45. Qxe7+ Kxe7 46.
Ra1 Kd7 47. h4 Ke7 48. Kg2 Ke6 49. d4 Kf5 50. Kf2 Ke6 51. Ke2 Kd5 52. Kd3 Ra3+
53. Kc2 Rxf3 54. Rxa2 Rf2+ 55. Kb3 Rxa2 56. Kxa2 Kxd4 57. Kb3 Kxe5 58. Kc4 f5
59. Kd3 Kf4 60. Kd4 Kg4 61. Ke5 f4 62. h5 f3 63. h6 f2 64. h7 f1=Q 0-1

[Event "4NCL Online Division 5"]
[Site "online"]
[Date "2020.10.06"]
[Round "4.162"]
[White "Eccleston, Rowan"]
[Black "Foster, Brian E"]
[Result "1-0"]
[WhiteElo "1187"]
[BlackElo "1630"]
[PlyCount "79"]
[EventDate "2020.10.06"]
[WhiteTeam "Manchester Juniors C"]
[BlackTeam "Uxbridge Bombers A"]

1. f4 d5 2. Nf3 c5 3. e3 Nc6 4. Bb5 Bd7 5. b3 e6 6. Bb2 Nf6 7. O-O Be7 8. Qe1
O-O 9. Qg3 Nb4 10. Bd3 Nxd3 11. cxd3 Bb5 12. Ne5 Bd7 13. Rf3 g6 14. Qh3 Nh5 15.
g4 Ng7 16. Qh6 f6 17. Nxd7 Qxd7 18. Rh3 Kf7 19. g5 d4 20. gxf6 Bxf6 21. Rg3 Rh8
22. e4 Rag8 23. Na3 Ne8 24. Nc4 Qd8 25. Ne5+ Bxe5 26. fxe5 Ke7 27. Ba3 b6 28.
Rf1 Ng7 29. Rgf3 Qe8 30. Qg5+ Kd7 31. Rf7+ Kc6 32. Rxa7 Rf8 33. Rxg7 Rxf1+ 34.
Kxf1 Rf8+ 35. Kg1 Qa8 36. Qe7 Rd8 37. Qxe6+ Kb5 38. Qc4+ Kc6 39. b4 b5 40.
Qxc5# 1-0

[Event "4NCL Online Division 5"]
[Site "online"]
[Date "2020.10.06"]
[Round "4.163"]
[White "Nandi, Asoke K"]
[Black "Fung, Marcus"]
[Result "1-0"]
[WhiteElo "1562"]
[BlackElo "1037"]
[PlyCount "55"]
[EventDate "2020.10.06"]
[WhiteTeam "Uxbridge Bombers A"]
[BlackTeam "Manchester Juniors C"]

1. e4 e5 2. Nf3 Nc6 3. d4 exd4 4. Nxd4 Bc5 5. c3 d6 6. Be2 Nxd4 7. cxd4 Bb4+ 8.
Nc3 f5 9. Qa4+ Bd7 10. Qxb4 fxe4 11. Nxe4 b6 12. O-O Nf6 13. Nxf6+ Qxf6 14.
Bh5+ g6 15. Bf3 O-O-O 16. a4 a5 17. Qc4 Be6 18. Qa6+ Kd7 19. Bd2 Qxd4 20. Bc3
Bc4 21. Qa7 Qf4 22. Rfe1 Rhe8 23. Qb7 Rxe1+ 24. Rxe1 Be6 25. Bc6+ Ke7 26. Qxc7+
Kf8 27. Qxd8+ Kf7 28. Qe8# 1-0

[Event "4NCL Online Division 5"]
[Site "online"]
[Date "2020.10.20"]
[Round "5.11"]
[White "Hilditch-Love, Daniel"]
[Black "Beckett, Chris J"]
[Result "0-1"]
[WhiteElo "1682"]
[BlackElo "2162"]
[PlyCount "54"]
[EventDate "2020.10.20"]
[WhiteTeam "Shropshire 4"]
[BlackTeam "Woking Warriors"]

1. Nf3 Nf6 2. d3 g6 3. Bg5 Bg7 4. Bxf6 Bxf6 5. Nc3 O-O 6. g3 c5 7. Bg2 Nc6 8.
O-O d6 9. e4 a6 10. a4 Rb8 11. Qe2 Bg4 12. h3 Nd4 13. Qd1 Nxf3+ 14. Bxf3 Bxh3
15. Bg2 Bxg2 16. Kxg2 b5 17. axb5 axb5 18. Qc1 e6 19. Rh1 Bg7 20. e5 b4 21. Ne4
dxe5 22. Nxc5 Qd5+ 23. Ne4 f5 24. Ra7 Rb7 25. Ra5 Qxa5 26. Ng5 Qd5+ 27. Kg1 h6
0-1

[Event "4NCL Online Division 5"]
[Site "online"]
[Date "2020.10.20"]
[Round "5.12"]
[White "Priestley, Stephen"]
[Black "Kothari, Jai"]
[Result "0-1"]
[WhiteElo "1295"]
[BlackElo "1637"]
[PlyCount "53"]
[EventDate "2020.10.20"]
[WhiteTeam "Shropshire 4"]
[BlackTeam "Woking Warriors"]

1. e4 c5 2. Nf3 Nc6 3. d3 e6 4. g3 d5 5. Nbd2 g6 6. Bg2 Bg7 7. O-O Nge7 8. Re1
O-O 9. c3 b6 10. Qc2 Ba6 11. e5 Qc7 12. d4 cxd4 13. cxd4 Rac8 14. a3 Nxd4 15.
Qxc7 Nxf3+ 16. Nxf3 Rxc7 17. Bf4 Rfc8 18. b4 h6 19. h4 Rc2 20. a4 Bd3 21. Nd4
R2c4 22. Nb5 Rxb4 23. Nd6 Rd8 24. Bd2 Rb2 25. Bc3 Rc2 26. Bd4 Nc6 27. Nb7 {
wrong colours} 0-1

[Event "4NCL Online Division 5"]
[Site "online"]
[Date "2020.10.20"]
[Round "5.13"]
[White "Birch, James"]
[Black "Seet, Joshua"]
[Result "0-1"]
[WhiteElo "1570"]
[BlackElo "1322"]
[PlyCount "54"]
[EventDate "2020.10.20"]
[WhiteTeam "Shropshire 4"]
[BlackTeam "Woking Warriors"]

1. c4 c6 2. g3 Nf6 3. Bg2 d5 4. Nf3 Bf5 5. Qb3 Qc7 6. O-O e6 7. Nh4 Bg6 8. d3
Bd6 9. Bg5 Nbd7 10. e3 h6 11. Nxg6 fxg6 12. Bxf6 gxf6 13. Nd2 Ke7 14. cxd5 cxd5
15. Rac1 Nc5 16. Qc2 Na6 17. Qb1 Qb6 18. e4 d4 19. Nc4 Qb5 20. a3 Rac8 21. Rc2
Nc5 22. Qd1 Rhd8 23. b4 Na4 24. f4 Nc3 25. Kh1 Nxd1 26. Rxd1 Qa4 27. Rdc1 b5
0-1